Statistics for How To Train Your Dragon Characters

Click here to take the quiz!

General Stats

  • This quiz has been taken 18 times
  • The average score is 9 of 30

Answer Stats

HintAnswer% Correct
The First HiccupHiccup Horrendous Haddock I
100%
The Main CharacterHiccup Horrendous Haddock III, The Hope and the Heir to the Hairy Hooligan Tribe
100%
The second oneHiccup Horrendous Haddock II, The Hope and the Heir to the Hairy Hooligan Tribe
100%
A muscly boy with humongous nostrilsSnotface Snotlout
88%
A small, skinny boy with eczema, knock-knees and short-sightFishlegs
76%
The Chief of the HooligansStoick the Vast, O Hear His Name and Tremble, Ugh Ugh
47%
A small, disobedient Common or Garden dragonToothless
35%
The Bog-Burglar HeirZe Great Camicazi
35%
The above’s wifeValhallarama of the White Arms and Chunky Thighs
29%
The main antagonist. Has a hook for a hand and multiple parts missingAlvin the Treacherous
24%
The 3rd headArrogance
24%
The above’s fatherBaggybum the Beerbelly
24%
The Chief of the Bog-BurglarsBig-Boobied Bertha
24%
A boy who resembles a pig in a helmetDogsbreath the Duhbrain
24%
The 2nd headPatience
24%
The riding dragon with a limpWindwalker
24%
The WitchExcellinor
18%
The Deadly Shadow’s 1st headInnocence
18%
Leader of the Red RageThe Dragon Furious
18%
Chief of the UglithugsUG the Uglithug
18%
A tiny, shrivelled brown dragonWodensfang
18%
He got zapped by an Electrisquirm in How To Speak DragoneseThe Fat Consul
12%
The Chief of the BerserksChief Berserk
6%
He has a Hunting FlagonClueless
6%
One of the best swordfightersFlashburn
6%
The above’s wifeTantrum O’UGerly
6%
He has “Heart Slicers”The Hairy Scary Librarian
6%
The first person to agree to take the “Dragonmark”Thuggory the Meathead
6%
The Viking in charge of the Pirate Training ProgramGobbler the Belch
0%
A hero with a terrible voiceHumongously Hotshot the Hero
0%

Score Distribution

Percentile by Number Answered

Percent of People with Each Score

Your Score History

You have not taken this quiz